MARC details
| 000 -LEADER |
| campo de control de longitud fija |
01800nas a2200409 i 4500 |
| 001 - NÚMERO DE CONTROL |
| campo de control |
1809 |
| 003 - IDENTIFICADOR DE NÚMERO DE CONTROL |
| campo de control |
ES-MaACL |
| 005 - FECHA Y HORA DE LA ÚLTIMA TRANSACCIÓN |
| campo de control |
20250802062545.0 |
| 008 - DATOS DE LONGITUD FIJA--INFORMACIÓN GENERAL |
| campo de control de longitud fija |
950801d18951902sp m|yp | ||pa d |
| 022 ## - NÚMERO INTERNACIONAL NORMALIZADO PARA PUBLICACIONES SERIADAS |
| Número Internacional Normalizado para Publicaciones Seriadas |
1578-3723 |
| 022 ## - NÚMERO INTERNACIONAL NORMALIZADO PARA PUBLICACIONES SERIADAS |
| Número Internacional Normalizado para Publicaciones Seriadas |
1578-4347 |
| 080 ## - NÚMERO DE LA CLASIFICACIÓN DECIMAL UNIVERSAL |
| Número de la Clasificación Decimal Universal |
460 |
| 080 ## - NÚMERO DE LA CLASIFICACIÓN DECIMAL UNIVERSAL |
| Número de la Clasificación Decimal Universal |
821.134.2 |
| 080 ## - NÚMERO DE LA CLASIFICACIÓN DECIMAL UNIVERSAL |
| Número de la Clasificación Decimal Universal |
821.134.3 |
| 080 ## - NÚMERO DE LA CLASIFICACIÓN DECIMAL UNIVERSAL |
| Número de la Clasificación Decimal Universal |
821.134.2(7/8) |
| 245 00 - MENCIÓN DEL TÍTULO |
| Título |
Revista crítica de historia y literatura españolas / |
| Mención de responsabilidad, etc. |
dir., Rafael Altamira y Luis Ruiz Contreras. |
| 246 3# - FORMA VARIANTE DEL TITULO |
| Título propio/Titulo breve |
Revista crítica de historia y literatura españolas, portuguesas e hispano-americanas |
| 260 ## - PUBLICACIÓN, DISTRIBUCIÓN, ETC. |
| Lugar de publicación, distribución, etc. |
Madrid : |
| Nombre del editor, distribuidor, etc. |
Imp. Enrique F. de Rojas, |
| Fecha de publicación, distribución, etc. |
1895. |
| 260 ## - PUBLICACIÓN, DISTRIBUCIÓN, ETC. |
| Lugar de publicación, distribución, etc. |
Madrid : |
| Nombre del editor, distribuidor, etc. |
V. Suárez ( |
| Fabricante |
Imp. de Ángel B. Velasco) |
| Fecha de publicación, distribución, etc. |
1895-1902. |
| 300 ## - DESCRIPCIÓN FÍSICA |
| Extensión |
5 v. ; |
| Dimensiones |
25 y 28 cm. |
| 310 ## - PERIODICIDAD ACTUAL |
| Periodicidad actual |
Mensual |
| 362 1# - FECHAS DE PUBLICACIÓN Y/O DESIGNACIÓN SECUENCIAL |
| Fecha de publicación y/o designación secuencial |
Comenzó y cesó en 1895. |
| 362 1# - FECHAS DE PUBLICACIÓN Y/O DESIGNACIÓN SECUENCIAL |
| Fecha de publicación y/o designación secuencial |
Comenzó en 1895; cesó en 1902. |
| 530 ## - NOTA DISPONIBLE DE FORMULARIO FÍSICO ADICIONAL |
| Nota de formato físico adicional disponible |
Disponible en formato digital. |
| 597 ## - NOTA DE DESCRIPCIÓN FÍSICA |
| NOTA DE DESCRIPCIÓN FÍSICA |
Variaciones en el formato. |
| 650 07 - PUNTO DE ACCESO ADICIONAL DE MATERIA--TÉRMINO DE MATERIA |
| Término de materia o nombre geográfico como elemento de entrada |
Literatura española |
| Fuente del encabezamiento o término |
embne |
| 9 (RLIN) |
14539 |
| 650 #4 - PUNTO DE ACCESO ADICIONAL DE MATERIA--TÉRMINO DE MATERIA |
| Término de materia o nombre geográfico como elemento de entrada |
Literatura portuguesa. |
| 9 (RLIN) |
136431 |
| 650 07 - PUNTO DE ACCESO ADICIONAL DE MATERIA--TÉRMINO DE MATERIA |
| Término de materia o nombre geográfico como elemento de entrada |
Literatura hispanoamericana |
| Fuente del encabezamiento o término |
embne |
| 9 (RLIN) |
14602 |
| 700 1# - ENTRADA AGREGADA--NOMBRE PERSONAL |
| Nombre de persona |
Altamira, Rafael, |
| Fechas asociadas al nombre |
1866-1951 |
| 9 (RLIN) |
20515 |
| 700 1# - ENTRADA AGREGADA--NOMBRE PERSONAL |
| Nombre de persona |
Ruiz Contreras, Luis, |
| Fechas asociadas al nombre |
1863-1953 |
| 9 (RLIN) |
100711 |
| 785 00 - ENTRADA/ENLACE A UN TÍTULO POSTERIOR |
| Encabezamiento principal |
Revista crítica de historia y literatura españolas, portuguesas e hispano americanas, |
| Lugar, editor y fecha de publicación |
dic. 1895 |
| 852 ## - LOCALIZACIÓN |
| Ubicación |
ES-MaACL |
| Número de control de estantería |
Hem-608 |
| 856 ## - LOCALIZACIÓN Y ACCESO ELECTRÓNICOS |
| Identificador Uniforme de Recursos |
<a href="http://hemerotecadigital.bne.es/details.vm?o=&w=1578-3723&f=issn&l=500">http://hemerotecadigital.bne.es/details.vm?o=&w=1578-3723&f=issn&l=500</a> |
| Nota pública |
Hemeroteca Digital |
| -- |
(Revista crítica de historia y literatura españolas) |
| 856 ## - LOCALIZACIÓN Y ACCESO ELECTRÓNICOS |
| Identificador Uniforme de Recursos |
<a href="http://hemerotecadigital.bne.es/details.vm?o=&w=1578-4347&f=issn&l=500">http://hemerotecadigital.bne.es/details.vm?o=&w=1578-4347&f=issn&l=500</a> |
| Nota pública |
Hemeroteca Digital |
| -- |
(Revista crítica de historia y literatura españolas, portuguesas e hispano-americanas) |
| 866 #0 - MENCIÓN TEXTUAL DE FONDOS--UNIDAD BIBLIOGRÁFICA BÁSICA |
| Fondos |
1895-1899,(1901 f. en.-marzo)1902 |